000 00332nam a22001337a 4500
008 181023b xxu||||| |||| 00| 0 eng d
020 _a9780070326200
041 _aeng
080 _a510
100 _a36
101 _aMAT
245 _aHow to Solve Word Problems in Algebra A Solved Problem Approach
_cJonson,M
942 _2udc
_cBK
999 _c50737
_d50737